| 000 | 00505nam a2200181Ia 4500 | ||
|---|---|---|---|
| 008 | 240925s9999 xx 000 0 und d | ||
| 020 | _a9788131790540 | ||
| 082 | _a004.6 KUR | ||
| 100 | _aKurose F. James; Ross W. Keith | ||
| 245 | 0 | _aComputer Networking: a top down approach | |
| 250 | _a5th | ||
| 260 |
_aLondon: _bPearson education _c,2010. |
||
| 300 |
_ax,197p. _bNA _fNA |
||
| 500 | _aNA | ||
| 600 | _aComputer Science | ||
| 650 | _aComputer science, information & general works | ||
| 942 | _cBK | ||
| 999 |
_c12332 _d12332 |
||